Проблемная лаборатория по комплексному использованию торфа в сельском хозяйстве и промышленности; Ч. 3. Исследование бурых углей Итатского месторождения: Отчет о НИР за 1966

Bibliografiske detaljer
Institution som forfatter: Томский политехнический институт (ТПИ) (595)
Andre forfattere: Смольянинов С. И. (руководитель)
Sprog:russisk
Udgivet: Томск, 1966
Fag:
Format: Bog
KOHA link:https://koha.lib.tpu.ru/cgi-bin/koha/opac-detail.pl?biblionumber=161585

MARC

LEADER 00000nbm0a2200000 4500
001 161585
005 20231031155933.0
035 |a (RuTPU)RU\TPU\book\175229 
035 |a RU\TPU\book\175106 
090 |a 161585 
100 |a 20090610d1966 k y0rusy50 ca 
101 0 |a rus 
102 |a RU 
105 |a a p 001zy 
200 1 |a Проблемная лаборатория по комплексному использованию торфа в сельском хозяйстве и промышленности  |a Ч. 3. Исследование бурых углей Итатского месторождения  |e Отчет о НИР за 1966  |f Томский политехнический институт (ТПИ) ; руководитель С. И. Смольянинов 
210 |a Томск  |d 1966 
215 |a 35 л. 
320 |a Библиогр.: с. 33-35. 
610 1 |a отчеты о НИР 
610 1 |a Западная Сибирь 
610 1 |a Томская область 
610 1 |a углеводородное сырье 
610 1 |a твердые горючие ископаемые 
610 1 |a бертинирование 
610 1 |a Итатское месторождение 
610 1 |a бурый уголь 
610 1 |a полукоксование 
610 1 |a нагрев 
675 |a 553.9(с18)(04)  |v 3 
702 1 |a Смольянинов  |b С. И.  |4 673 
712 0 2 |a Томский политехнический институт (ТПИ)  |c (1944-1991)  |2 stltpush  |3 (RuTPU)RU\TPU\col\1123  |4 595 
801 1 |a RU  |b 63413507  |c 20090608  |g PSBO 
801 2 |a RU  |b 63413507  |c 20140312  |g PSBO 
942 |c BK